Medaillenwertung für die Olympischen Spiele 2024 - Statistiken

Allgemein
  • Dieses Quiz wurde 53 mal gespielt
    51 seit der letzten Aktualisierung
  • Das Durchschnittsergebnis liegt bei 52 aus 91
Antwortstatistiken
Gold Silver Bronze Land % Korrekt
40 44 42 USA
100%
20 12 13 Japan
91%
40 27 24 China
89%
12 13 8 Deutschland
89%
16 26 22 Frankreich
89%
15 7 12 Niederlande
89%
18 19 16 Australien
84%
12 13 15 Italien
84%
13 9 10 Südkorea
84%
14 22 29 Großbritannien
82%
9 7 11 Kanada
82%
4 1 3 Norwegen
78%
1 2 5 Schweiz
78%
3 7 10 Brasilien
76%
10 7 3 Neuseeland
76%
2 0 3 Österreich
76%
4 4 3 Schweden
76%
2 1 0 Slowenien
76%
3 1 6 Belgien
73%
0 3 2 Mexiko
73%
5 4 9 Spanien
73%
0 1 5 Indien
71%
1 3 2 Jamaika
71%
1 4 5 Polen
71%
1 2 1 Portugal
71%
1 3 2 Südafrika
71%
2 2 5 Dänemark
69%
1 1 6 Griechenland
69%
4 0 3 Irland
69%
2 2 3 Kroatien
69%
0 2 4 Nordkorea
69%
3 1 1 Serbien
69%
0 0 1 Slowakei
69%
3 0 2 Tschechien
69%
3 5 4 Ukraine
69%
6 7 6 Ungarn
69%
1 1 1 Ägypten
67%
1 1 1 Argentinien
67%
4 2 5 Kenia
67%
3 4 2 Rumänien
67%
3 1 3 Bulgarien
64%
0 3 5 Türkei
64%
1 1 0 Chile
62%
0 3 1 Kolumbien
62%
1 0 0 Pakistan
62%
1 1 1 Tunesien
60%
2 0 1 Algerien
58%
2 0 1 Indonesien
58%
1 0 1 Marokko
58%
0 0 1 Peru
58%
3 6 3 Iran
56%
2 1 6 Kuba
56%
0 0 2 Albanien
53%
1 2 2 Ecuador
53%
1 5 1 Israel
53%
0 0 1 Katar
53%
0 2 2 Litauen
53%
8 2 3 Usbekistan
53%
1 1 0 Botswana
51%
0 2 4 Kirgisistan
49%
1 3 0 Äthiopien
47%
3 3 1 Georgien
47%
1 3 3 Kasachstan
47%
0 0 3 Tadschikistan
47%
1 3 2 Thailand
47%
0 1 0 Mongolei
44%
0 1 0 Panama
44%
0 3 1 Armenien
42%
0 0 1 Singapur
42%
2 2 3 Aserbaidschan
40%
2 1 1 Bahrain
38%
1 0 1 Guatemala
38%
0 1 0 Jordanien
38%
0 1 1 Kosovo
38%
2 0 2 Philippinen
38%
0 0 2 Malaysia
36%
0 1 3 Moldawien
36%
1 1 0 Uganda
36%
0 1 0 Zypern
36%
0 0 1 Elfenbeinküste
33%
0 1 0 Fidschi
33%
0 0 1 Sambia
31%
0 0 2 Grenada
29%
1 1 0 St. Lucia
29%
2 0 2 Hong Kong
24%
1 0 0 Dominica
22%
0 0 2 Puerto Rico
18%
2 0 5 Chinesisch-Taipeh
11%
0 0 1 Flüchtling
9%
0 0 1 Kap Verde
9%
1 0 2 Dominican
2%
Keine übereinstimmenden Quizze gefunden
Verteilung der Resultate
Anzahl Personen mit jedem Resultat
Perzentil nach korrekt beantworteten Fragen
Ihre Resultats-Entwicklung
Sie haben dieses Quiz seit der letzten Aktualisierung nicht gespielt